Top 50 Neuzulassungen von Autos im Juli 2018 - Statistiken

Allgemein
  • Dieses Quiz wurde 360 mal gespielt
  • Das Durchschnittsergebnis liegt bei 19 aus 50
Antwortstatistiken
Neuzulassungen Juli 2018 Modell % Korrekt
19.706 VW Golf
95%
5459 Audi A3, S3, RS3
74%
7613 Audi A4, S4, RS4
74%
8253 VW Passat
73%
7724 VW Polo
73%
4907 Audi A6, S6, RS6
72%
3104 Mercedes A-Klasse
67%
4643 Mercedes C-Klasse
67%
2965 Audi A5, S5, RS5
65%
2338 BMW 3er
65%
2501 Audi A1, S1
63%
3461 Mercedes E-Klasse
60%
2758 BMW 5er
59%
2746 BMW 1er
54%
3092 Opel Corsa
52%
4042 Opel Astra
51%
8129 VW Tiguan
50%
4643 Ford Fiesta
46%
2181 Ford Focus
44%
2523 Audi Q5
43%
4963 Seat Leon
43%
2809 BMW 2er
41%
2376 Audi Q3
40%
3287 VW Up
40%
4203 Skoda Fabia
36%
2517 Fiat 500
35%
2005 BMW X1
34%
3926 VW Touran
34%
2902 Renault Clio
30%
2584 Audi Q2
27%
3676 MINI
24%
2289 Opel Insignia
24%
3400 Mercedes GLK, GLC
22%
4423 VW T-Roc
22%
2023 Renault Megane
21%
2576 Dacia Duster
20%
4888 Skoda Oktavia
20%
2473 Citroen C3
15%
3533 Ford Kuga
15%
2559 VW Caddy
15%
2658 Dacia Sandero
14%
4378 VW Transporter
13%
3107 Smart Fortwo
12%
2474 Renault Captur
6%
2459 Seat Ateca
6%
2358 Skoda Karoq
6%
2752 Ford Ecosport
4%
2400 Hyundai Tucson
4%
2108 Opel Crossland X
3%
2935 Seat Arona
2%
Keine übereinstimmenden Quizze gefunden
Verteilung der Resultate
Anzahl Personen mit jedem Resultat
Perzentil nach korrekt beantworteten Fragen
Ihre Resultats-Entwicklung
Sie haben dieses Quiz noch nicht gespielt